000 00302nam a22001337a 4500
020 _a0-7214-0235-6
082 _a001
_bFIN/S
100 _aFIN, IAN F
245 _aLEARN ABOUT STAMP COLLECTING
260 _aENGLAND
_bLADYBIRD
300 _a52
650 _aABOUT STAMP COLLECTING
_zENGLAND
942 _cBK
999 _c1837
_d1837